| 000 | 00989nam0a22002771 4500 | ||
|---|---|---|---|
| 001 | rc\2725260 | ||
| 005 | 20250805160813.4 | ||
| 035 | _a(NLR Aleph) 006852756 | ||
| 090 |
_a6764526 _c6764526 |
||
| 100 | _a20110915d1943 |||y0rusy50 ca | ||
| 101 | 0 | _arus | |
| 102 | _aRU | ||
| 105 | _ay z ||||| | ||
| 200 | 1 |
_aПамятка по экономии топлива _eИнструкт. указания для обслуживающего персонала |
|
| 205 | _a2-е изд. | ||
| 210 |
_a[Москва] _cГизлегпром _d1943 |
||
| 215 |
_a16 с., без обл. и тит. л. _d22 см. |
||
| 700 | 1 |
_aАнтонов _bВ. Н. _gВладимир Николаевич |
|
| 701 | 1 |
_aКарцов _bП. Г. _gПантелеймон Геннадиевич |
|
| 801 | 0 |
_aRU _bNLR _gpsbo |
|
| 801 | 1 |
_aRU _bELAR _2rusmarc |
|
| 852 |
_aNLR _jТ14 Г-6/46 |
||
| 942 | _cBOOK | ||
| 945 | _aРоссийская национальная библиотека | ||
| 980 | _aNB | ||
| 980 | _aBV | ||